[Event "World Chess Olympiad 2018"]
[Site "Batumi"]
[Date "2018.10.01"]
[Round "7"]
[Board "4"]
[WhiteFideId "11602945"]
[White "Kantans Toms"]
[BlackFideId "3700305"]
[Black "Jodorcovsky Werjivker Paulo"]
[Result "1-0"]
[LiveChessVersion "1.4.8"]
[BlackElo "2275"]
[WhiteElo "2509"]

1. e4 {[%clk 1:30:56]} c5 {[%clk 1:30:55]} 2. Nf3 {[%clk 1:31:22]} e6
{[%clk 1:31:22]} 3. d4 {[%clk 1:31:47]} cxd4 {[%clk 1:31:49]} 4. Nxd4
{[%clk 1:32:12]} Nf6 {[%clk 1:32:14]} 5. Nc3 {[%clk 1:32:16]} Nc6
{[%clk 1:32:40]} 6. Nxc6 {[%clk 1:31:18]} bxc6 {[%clk 1:33:06]} 7. e5
{[%clk 1:31:43]} Nd5 {[%clk 1:33:30]} 8. Ne4 {[%clk 1:32:09]} Qc7
{[%clk 1:33:09]} 9. f4 {[%clk 1:31:39]} Qb6 {[%clk 1:33:24]} 10. c4
{[%clk 1:31:16]} Bb4+ {[%clk 1:33:14]} 11. Ke2 {[%clk 1:31:41]} f5
{[%clk 1:32:05]} 12. exf6 {[%clk 1:32:05]} Nxf6 {[%clk 1:32:16]} 13. Be3
{[%clk 1:31:26]} Qd8 {[%clk 1:32:06]} 14. Nd6+ {[%clk 1:31:51]} Bxd6
{[%clk 1:32:31]} 15. Qxd6 {[%clk 1:32:17]} Bb7 {[%clk 1:32:31]} 16. Rd1
{[%clk 1:32:21]} Rc8 {[%clk 1:32:11]} 17. g4 {[%clk 1:31:07]} c5 {[%clk 1:31:18]}
18. Rg1 {[%clk 1:31:32]} Rc6 {[%clk 1:30:23]} 19. Qe5 {[%clk 1:26:04]} O-O
{[%clk 1:30:07]} 20. g5 {[%clk 1:16:36]} Nh5 {[%clk 1:30:07]} 21. Bh3
{[%clk 1:12:03]} d6 {[%clk 1:19:20]} 22. Qxe6+ {[%clk 1:05:57]} Kh8
{[%clk 1:18:37]} 23. Qg4 {[%clk 1:06:20]} Qe8 {[%clk 0:54:59]} 24. f5
{[%clk 0:58:38]} Rb6 {[%clk 0:51:01]} 25. b3 {[%clk 0:56:27]} d5 {[%clk 0:46:36]}
26. Kd2 {[%clk 0:51:52]} d4 {[%clk 0:29:00]} 27. Bf2 {[%clk 0:51:41]} Ra6
{[%clk 0:19:46]} 28. a4 {[%clk 0:50:08]} g6 {[%clk 0:16:56]} 29. Bxd4+
{[%clk 0:46:29]} cxd4 {[%clk 0:13:03]} 30. Qxd4+ {[%clk 0:46:54]} Kg8
{[%clk 0:12:05]} 31. f6 {[%clk 0:46:06]} Qb8 {[%clk 0:06:27]} 32. Kc3
{[%clk 0:46:30]} Qxh2 33. Bg4 {[%clk 0:46:31]} Nxf6 {[%clk 0:01:02]} 34. gxf6
{[%clk 0:46:55]} Raxf6 {[%clk 0:01:01]} 35. Rd2 {[%clk 0:44:28]} Qb8
{[%clk 0:00:48]} 36. Re1 {[%clk 0:44:31]} Bf3 {[%clk 0:00:39]} 37. Be6+
{[%clk 0:44:26]} Kh8 {[%clk 0:00:42]} 38. Re3 {[%clk 0:43:56]} Qf4
{[%clk 0:00:43]} 39. Qxa7 {[%clk 0:35:05]} Qh4 {[%clk 0:00:37]} 40. Rd7
{[%clk 1:03:04]} Qh1 {[%clk 0:30:39]} 41. Kb4 {[%clk 0:58:22]} Qh2
{[%clk 0:25:16]} 42. Qd4 {[%clk 0:55:46]} Qf4 {[%clk 0:15:00]} 43. Qxf4
{[%clk 0:51:53]} Rxf4 {[%clk 0:15:25]} 44. a5 {[%clk 0:52:06]} g5
{[%clk 0:13:40]} 45. a6 {[%clk 0:51:12]} g4 {[%clk 0:11:53]} 46. Bd5
{[%clk 0:51:11]} Bxd5 {[%clk 0:08:12]} 47. Rxd5 {[%clk 0:51:38]} R4f7
{[%clk 0:08:27]} 48. Rg3 {[%clk 0:49:51]} Rb8+ {[%clk 0:06:38]} 49. Rb5
{[%clk 0:49:14]} Rg8 {[%clk 0:06:33]} 50. Rh5 {[%clk 0:47:35]} Rg6
{[%clk 0:06:06]} 51. Rh4 {[%clk 0:47:34]} Rxa6 {[%clk 0:05:01]} 52. Rhxg4
{[%clk 0:47:55]} h6 {[%clk 0:04:05]} 53. c5 {[%clk 0:48:14]} Rb7+
{[%clk 0:04:09]} 54. Kc4 {[%clk 0:48:38]} Kh7 {[%clk 0:04:24]} 55. b4
{[%clk 0:48:26]} Ra1 {[%clk 0:04:31]} 56. Rb3 {[%clk 0:48:42]} Rc1+
{[%clk 0:04:26]} 57. Kd5 {[%clk 0:49:05]} h5 {[%clk 0:03:43]} 58. Re4
{[%clk 0:49:20]} Rd1+ {[%clk 0:03:54]} 59. Kc6 {[%clk 0:49:41]} Rdd7
{[%clk 0:03:53]} 60. b5 {[%clk 0:49:50]} Rbc7+ {[%clk 0:04:05]} 61. Kb6
{[%clk 0:49:49]} Rb7+ {[%clk 0:03:43]} 62. Ka5 {[%clk 0:50:14]} Rd1
{[%clk 0:03:04]} 63. b6 {[%clk 0:50:23]} Ra1+ {[%clk 0:02:01]} 64. Kb5
{[%clk 0:50:47]} Rg7 {[%clk 0:02:04]} 65. Rc4 {[%clk 0:50:45]} Ra8
{[%clk 0:01:34]} 66. Ra4 {[%clk 0:50:29]} Rb8 {[%clk 0:01:30]} 67. Rd3
{[%clk 0:49:39]} Rg1 {[%clk 0:01:33]} 68. Ra7+ {[%clk 0:49:42]} Kg8
{[%clk 0:00:52]} 69. Rc7 {[%clk 0:49:36]} h4 {[%clk 0:00:44]} 70. b7
{[%clk 0:49:58]} Rb1+ {[%clk 0:00:32]} 71. Kc6 {[%clk 0:50:23]} 1-0

[Event "World Chess Olympiad 2018"]
[Site "Batumi"]
[Date "2018.10.01"]
[Round "7"]
[Board "1"]
[WhiteFideId "14114496"]
[White "Yarmonov Igor"]
[BlackFideId "1403613"]
[Black "Bekker-Jensen Simon"]
[Result "0-1"]
[LiveChessVersion "1.4.8"]
[BlackElo "2482"]
[WhiteElo "2376"]

1. d4 {[%clk 1:30:32]} Nf6 {[%clk 1:30:40]} 2. Nf3 {[%clk 1:30:58]} g6
{[%clk 1:30:55]} 3. Bf4 {[%clk 1:31:04]} Bg7 {[%clk 1:31:11]} 4. c3
{[%clk 1:31:09]} O-O {[%clk 1:31:08]} 5. Nbd2 {[%clk 1:31:26]} d6
{[%clk 1:31:00]} 6. h3 {[%clk 1:31:50]} Nbd7 {[%clk 1:31:05]} 7. e4
{[%clk 1:31:56]} e5 {[%clk 1:30:13]} 8. dxe5 {[%clk 1:32:06]} dxe5
{[%clk 1:29:43]} 9. Be3 {[%clk 1:31:25]} b6 {[%clk 1:28:33]} 10. Qc2
{[%clk 1:19:54]} Bb7 {[%clk 1:27:56]} 11. g4 {[%clk 1:14:59]} Qe7
{[%clk 1:24:58]} 12. Nh2 {[%clk 1:10:57]} Nc5 {[%clk 1:23:51]} 13. f3
{[%clk 1:11:22]} Ne6 {[%clk 1:16:03]} 14. O-O-O {[%clk 1:10:29]} Rfd8
{[%clk 1:10:46]} 15. h4 {[%clk 1:00:04]} c5 {[%clk 1:08:00]} 16. h5
{[%clk 0:56:26]} a6 {[%clk 1:02:46]} 17. hxg6 {[%clk 0:49:15]} hxg6
{[%clk 0:58:27]} 18. Bc4 {[%clk 0:48:04]} Nd4 {[%clk 0:52:23]} 19. cxd4
{[%clk 0:45:23]} cxd4 {[%clk 0:52:27]} 20. Bg5 {[%clk 0:40:34]} b5
{[%clk 0:52:14]} 21. Kb1 {[%clk 0:40:07]} Rdc8 {[%clk 0:43:40]} 22. Nhf1
{[%clk 0:30:26]} bxc4 {[%clk 0:38:48]} 23. Nxc4 {[%clk 0:30:49]} Qb4
{[%clk 0:38:39]} 24. Nfd2 {[%clk 0:31:00]} a5 {[%clk 0:32:13]} 25. Rc1
{[%clk 0:22:08]} Ba6 {[%clk 0:29:21]} 26. Qb3 {[%clk 0:20:59]} Qxb3
{[%clk 0:25:58]} 27. axb3 {[%clk 0:21:26]} Nd7 {[%clk 0:26:00]} 28. Be7
{[%clk 0:21:04]} Bf8 {[%clk 0:25:26]} 29. Bxf8 {[%clk 0:20:20]} Kxf8
{[%clk 0:25:13]} 30. Ka2 {[%clk 0:17:04]} Bxc4 {[%clk 0:20:33]} 31. Nxc4
{[%clk 0:15:08]} Ke7 {[%clk 0:20:50]} 32. g5 {[%clk 0:15:21]} Ke6
{[%clk 0:19:43]} 33. f4 {[%clk 0:10:08]} exf4 {[%clk 0:18:30]} 34. Rhd1
{[%clk 0:07:40]} a4 {[%clk 0:10:48]} 35. b4 {[%clk 0:07:51]} Ne5 {[%clk 0:10:23]}
36. Rxd4 {[%clk 0:07:22]} f3 {[%clk 0:09:27]} 37. Nxe5 {[%clk 0:06:54]} Rxc1
{[%clk 0:06:24]} 38. Nxf3 {[%clk 0:07:18]} Rb8 {[%clk 0:06:41]} 39. b5
{[%clk 0:05:33]} Rxb5 {[%clk 0:03:09]} 40. Rxa4 {[%clk 0:35:59]} Rb6
{[%clk 0:32:15]} 41. Ra5 {[%clk 0:35:35]} Rc4 {[%clk 0:25:54]} 42. Re5+
{[%clk 0:35:38]} Kd6 {[%clk 0:24:23]} 43. b3 {[%clk 0:34:42]} Rc5
{[%clk 0:23:22]} 44. Re8 {[%clk 0:34:57]} Kd7 {[%clk 0:23:40]} 45. Ra8
{[%clk 0:34:06]} Rcb5 {[%clk 0:23:18]} 46. Ra3 {[%clk 0:30:24]} Rd6
{[%clk 0:22:31]} 47. Ra7+ {[%clk 0:22:57]} Ke8 {[%clk 0:22:09]} 48. Ra8+
{[%clk 0:14:06]} Ke7 {[%clk 0:21:42]} 49. Ra4 {[%clk 0:14:05]} Rd3
{[%clk 0:21:24]} 50. Nd4 {[%clk 0:14:10]} Rxg5 {[%clk 0:21:32]} 51. Rc4
{[%clk 0:14:00]} Kd6 {[%clk 0:18:19]} 52. Ka3 {[%clk 0:13:13]} Rc5
{[%clk 0:18:08]} 53. Kb4 {[%clk 0:08:33]} Rxc4+ {[%clk 0:18:02]} 54. Kxc4
{[%clk 0:09:00]} Re3 {[%clk 0:17:14]} 55. Nb5+ {[%clk 0:09:04]} Ke5
{[%clk 0:14:28]} 56. b4 {[%clk 0:09:13]} 0-1

[Event "World Chess Olympiad 2018"]
[Site "Batumi"]
[Date "2018.10.01"]
[Round "7"]
[Board "2"]
[WhiteFideId "1416928"]
[White "Ochsner Bjorn Moller"]
[BlackFideId "13503391"]
[Black "Gurbanov Andrei"]
[Result "1-0"]
[LiveChessVersion "1.4.8"]
[BlackElo "2305"]
[WhiteElo "2462"]

1. e4 {[%clk 1:30:57]} e5 {[%clk 1:30:14]} 2. Nf3 {[%clk 1:31:13]} Nc6
{[%clk 1:30:37]} 3. Bb5 {[%clk 1:31:27]} f5 {[%clk 1:29:04]} 4. d3
{[%clk 1:31:33]} fxe4 {[%clk 1:28:38]} 5. dxe4 {[%clk 1:31:58]} Nf6
{[%clk 1:29:04]} 6. O-O {[%clk 1:31:34]} Bc5 {[%clk 1:27:45]} 7. Bxc6
{[%clk 1:31:27]} bxc6 {[%clk 1:28:07]} 8. Nxe5 {[%clk 1:31:33]} O-O
{[%clk 1:28:14]} 9. Nc3 {[%clk 1:31:49]} d6 {[%clk 1:27:54]} 10. Na4
{[%clk 1:31:30]} Qe8 {[%clk 1:13:25]} 11. Nd3 {[%clk 1:31:50]} Nxe4
{[%clk 1:05:41]} 12. Naxc5 {[%clk 1:32:10]} Nxc5 {[%clk 1:06:06]} 13. Nxc5
{[%clk 1:32:33]} dxc5 {[%clk 1:06:33]} 14. Be3 {[%clk 1:32:51]} Qg6
{[%clk 1:03:53]} 15. Qe2 {[%clk 1:32:27]} Bf5 {[%clk 1:02:46]} 16. Bxc5
{[%clk 0:55:03]} Rfe8 {[%clk 0:52:38]} 17. Qc4+ {[%clk 0:52:36]} Kh8
{[%clk 0:51:21]} 18. f3 {[%clk 0:43:43]} Bxc2 {[%clk 0:48:50]} 19. Rf2
{[%clk 0:42:40]} Bb1 {[%clk 0:42:08]} 20. Qc1 {[%clk 0:38:23]} Bd3
{[%clk 0:40:36]} 21. Qc3 {[%clk 0:36:21]} Bb1 {[%clk 0:36:39]} 22. Bd4
{[%clk 0:32:28]} Re7 {[%clk 0:29:45]} 23. Rf1 {[%clk 0:32:01]} Bf5
{[%clk 0:29:22]} 24. Rac1 {[%clk 0:17:20]} Bd7 {[%clk 0:25:13]} 25. Rfe1
{[%clk 0:10:39]} Rf7 {[%clk 0:19:03]} 26. Kh1 {[%clk 0:09:01]} a5
{[%clk 0:18:26]} 27. Re5 {[%clk 0:08:03]} a4 {[%clk 0:18:11]} 28. Rce1
{[%clk 0:07:50]} h6 {[%clk 0:15:47]} 29. Qe3 {[%clk 0:06:31]} Kh7
{[%clk 0:15:24]} 30. a3 {[%clk 0:05:44]} Rb8 {[%clk 0:12:54]} 31. Bc3
{[%clk 0:05:05]} Rb5 {[%clk 0:08:25]} 32. Qd4 {[%clk 0:05:07]} Rxe5
{[%clk 0:06:57]} 33. Rxe5 {[%clk 0:05:17]} Qc2 {[%clk 0:04:53]} 34. h3
{[%clk 0:03:12]} Bf5 {[%clk 0:02:44]} 35. Qc4 {[%clk 0:02:21]} Rd7
{[%clk 0:02:36]} 36. Re8 {[%clk 0:02:06]} Qd1+ {[%clk 0:00:53]} 37. Re1
{[%clk 0:01:36]} Qc2 {[%clk 0:00:44]} 38. Re8 {[%clk 0:01:07]} Qd1+
{[%clk 0:01:04]} 39. Kh2 {[%clk 0:01:14]} Qd6+ {[%clk 0:01:32]} 40. f4
{[%clk 0:30:40]} Qd5 {[%clk 0:30:36]} 41. Qxa4 {[%clk 0:26:49]} Bd3
{[%clk 0:30:09]} 42. Re3 {[%clk 0:16:42]} Qb5 {[%clk 0:26:54]} 43. Qb4
{[%clk 0:14:28]} Qf5 {[%clk 0:26:44]} 44. Be5 {[%clk 0:13:09]} Bb1
{[%clk 0:25:25]} 45. Rg3 {[%clk 0:11:28]} Qe6 {[%clk 0:23:16]} 46. Qc3
{[%clk 0:10:28]} Bg6 {[%clk 0:23:18]} 47. a4 {[%clk 0:09:57]} Qf5
{[%clk 0:23:00]} 48. Qxc6 {[%clk 0:09:49]} 1-0

[Event "World Chess Olympiad 2018"]
[Site "Batumi"]
[Date "2018.10.01"]
[Round "7"]
[Board "3"]
[WhiteFideId "4118464"]
[White "Scerbin Dmitrij"]
[BlackFideId "1407970"]
[Black "Mikkelsen Nikolaj"]
[Result "0-1"]
[LiveChessVersion "1.4.8"]
[BlackElo "2467"]
[WhiteElo "2264"]

1. e4 {[%clk 1:30:58]} c5 {[%clk 1:30:43]} 2. c3 {[%clk 1:31:19]} Nf6
{[%clk 1:31:05]} 3. e5 {[%clk 1:31:37]} Nd5 {[%clk 1:31:28]} 4. d4
{[%clk 1:32:05]} cxd4 {[%clk 1:31:45]} 5. Qxd4 {[%clk 1:31:30]} Nc7
{[%clk 1:27:06]} 6. Nf3 {[%clk 1:30:30]} Nc6 {[%clk 1:24:24]} 7. Qe4
{[%clk 1:27:50]} d5 {[%clk 1:23:01]} 8. exd6 {[%clk 1:24:47]} Qxd6
{[%clk 1:23:23]} 9. Bf4 {[%clk 1:24:47]} Qe6 {[%clk 1:19:14]} 10. Nbd2
{[%clk 1:21:49]} Nd5 {[%clk 1:02:58]} 11. Be5 {[%clk 1:07:30]} Nf6
{[%clk 1:02:48]} 12. Bxf6 {[%clk 1:05:04]} gxf6 {[%clk 0:56:39]} 13. Bc4
{[%clk 0:59:03]} Qxe4+ {[%clk 0:57:01]} 14. Nxe4 {[%clk 0:59:31]} f5
{[%clk 0:46:34]} 15. Neg5 {[%clk 0:49:18]} e6 {[%clk 0:46:39]} 16. O-O-O
{[%clk 0:48:57]} Bc5 {[%clk 0:42:13]} 17. Rd2 {[%clk 0:40:40]} a6
{[%clk 0:41:33]} 18. Rhd1 {[%clk 0:32:39]} Ke7 {[%clk 0:40:49]} 19. b4
{[%clk 0:31:46]} Bb6 {[%clk 0:38:24]} 20. a4 {[%clk 0:31:21]} Bc7
{[%clk 0:29:31]} 21. g3 {[%clk 0:31:11]} h6 {[%clk 0:27:06]} 22. Nh3
{[%clk 0:30:38]} Rd8 {[%clk 0:27:15]} 23. Rxd8 {[%clk 0:30:23]} Nxd8
{[%clk 0:26:01]} 24. Nf4 {[%clk 0:25:52]} Bd7 {[%clk 0:23:30]} 25. Bb3
{[%clk 0:25:49]} Nc6 {[%clk 0:22:06]} 26. Nd3 {[%clk 0:20:46]} Rg8
{[%clk 0:22:19]} 27. Rd2 {[%clk 0:18:19]} Bc8 {[%clk 0:21:54]} 28. Kc2
{[%clk 0:17:32]} b6 {[%clk 0:20:14]} 29. b5 {[%clk 0:10:26]} axb5
{[%clk 0:20:03]} 30. axb5 {[%clk 0:10:54]} Na5 {[%clk 0:19:29]} 31. Nd4
{[%clk 0:10:39]} Bb7 {[%clk 0:16:18]} 32. Nb4 {[%clk 0:07:25]} Bd6
{[%clk 0:09:57]} 33. Ndc6+ {[%clk 0:05:43]} Bxc6 {[%clk 0:10:16]} 34. Nxc6+
{[%clk 0:06:00]} Nxc6 {[%clk 0:10:41]} 35. bxc6 {[%clk 0:06:28]} Ra8
{[%clk 0:10:33]} 36. Rd4 {[%clk 0:02:14]} Ra5 {[%clk 0:09:47]} 37. Rc4
{[%clk 0:02:04]} Kd8 {[%clk 0:09:06]} 38. Ra4 {[%clk 0:02:06]} Rc5
{[%clk 0:08:19]} 39. Ra7 {[%clk 0:01:40]} Bc7 {[%clk 0:08:30]} 40. Ra8+
{[%clk 0:31:11]} Ke7 {[%clk 0:38:54]} 41. f4 {[%clk 0:19:17]} Rxc6
{[%clk 0:35:02]} 42. Kd3 {[%clk 0:15:43]} Kf6 {[%clk 0:26:22]} 43. Ba4
{[%clk 0:08:24]} Rd6+ {[%clk 0:24:44]} 44. Ke3 {[%clk 0:07:21]} Rd5
{[%clk 0:24:46]} 45. c4 {[%clk 0:06:49]} Rc5 {[%clk 0:24:28]} 46. Bb5
{[%clk 0:07:02]} Bd6 {[%clk 0:23:16]} 47. Rh8 {[%clk 0:06:06]} Kg7
{[%clk 0:22:29]} 48. Rd8 {[%clk 0:06:01]} Be7 {[%clk 0:22:25]} 49. Rd7
{[%clk 0:05:48]} Kf6 {[%clk 0:22:26]} 50. Kf3 {[%clk 0:05:51]} Rc8
{[%clk 0:22:44]} 51. Rd2 {[%clk 0:05:17]} Ra8 {[%clk 0:22:56]} 52. Kg2
{[%clk 0:05:31]} Ra3 {[%clk 0:23:06]} 53. Re2 {[%clk 0:05:14]} Bc5
{[%clk 0:22:44]} 54. Kh3 {[%clk 0:04:11]} Be3 {[%clk 0:22:36]} 55. Kg2
{[%clk 0:04:14]} Ke7 {[%clk 0:22:52]} 56. Kf3 {[%clk 0:04:24]} Bd4+
{[%clk 0:21:13]} 57. Kg2 {[%clk 0:04:52]} Kd6 {[%clk 0:21:16]} 58. Be8
{[%clk 0:04:22]} Ra7 {[%clk 0:21:34]} 59. Bb5 {[%clk 0:03:37]} Kc5
{[%clk 0:21:38]} 60. Rd2 {[%clk 0:03:38]} Ra8 {[%clk 0:20:55]} 61. Kf3
{[%clk 0:03:21]} Ra3+ {[%clk 0:19:32]} 62. Kg2 {[%clk 0:03:50]} Ra7
{[%clk 0:19:54]} 63. Kh3 {[%clk 0:03:59]} f6 {[%clk 0:18:56]} 64. g4
{[%clk 0:03:45]} Ra3+ {[%clk 0:18:28]} 65. Kh4 {[%clk 0:04:01]} Rf3
{[%clk 0:17:44]} 66. gxf5 {[%clk 0:03:51]} Rxf4+ {[%clk 0:17:58]} 67. Kh5
{[%clk 0:04:19]} Rxf5+ {[%clk 0:18:18]} 68. Kg6 {[%clk 0:04:40]} h5
{[%clk 0:17:50]} 69. Re2 {[%clk 0:04:47]} Rg5+ {[%clk 0:16:07]} 70. Kf7
{[%clk 0:04:59]} Re5 {[%clk 0:15:48]} 71. Rc2 {[%clk 0:04:24]} f5
{[%clk 0:13:47]} 72. Bd7 {[%clk 0:04:45]} f4 {[%clk 0:14:08]} 73. Bxe6
{[%clk 0:03:56]} f3 {[%clk 0:14:33]} 74. Rc1 {[%clk 0:03:52]} f2 {[%clk 0:14:58]}
75. Rf1 {[%clk 0:03:40]} Re1 {[%clk 0:15:07]} 76. Bh3 {[%clk 0:03:46]} Kxc4
{[%clk 0:15:31]} 77. Kg6 {[%clk 0:04:08]} Kd3 {[%clk 0:15:42]} 0-1

[Event "World Chess Olympiad 2018"]
[Site "Batumi"]
[Date "2018.10.01"]
[Round "7"]
[Board "4"]
[WhiteFideId "1444948"]
[White "Bjerre Jonas Buhl"]
[BlackFideId "24194662"]
[Black "Tersinsev Andrey"]
[Result "1-0"]
[LiveChessVersion "1.4.8"]
[BlackElo "2194"]
[WhiteElo "2423"]

1. e4 {[%clk 1:30:55]} c6 {[%clk 1:30:50]} 2. d4 {[%clk 1:30:54]} d5
{[%clk 1:31:12]} 3. Nc3 {[%clk 1:30:42]} dxe4 {[%clk 1:31:28]} 4. Nxe4
{[%clk 1:30:55]} Bf5 {[%clk 1:31:42]} 5. Ng3 {[%clk 1:30:50]} Bg6
{[%clk 1:31:58]} 6. h4 {[%clk 1:30:15]} h6 {[%clk 1:32:19]} 7. Nf3
{[%clk 1:30:24]} e6 {[%clk 1:32:37]} 8. h5 {[%clk 1:26:40]} Bh7 {[%clk 1:32:57]}
9. Bd3 {[%clk 1:26:46]} Bxd3 {[%clk 1:33:09]} 10. Qxd3 {[%clk 1:27:05]} Nf6
{[%clk 1:32:51]} 11. Bd2 {[%clk 1:25:34]} c5 {[%clk 1:32:49]} 12. O-O-O
{[%clk 1:19:45]} Nc6 {[%clk 1:33:04]} 13. Be3 {[%clk 1:12:14]} Qa5
{[%clk 1:27:56]} 14. Qb3 {[%clk 1:05:31]} O-O-O {[%clk 1:18:48]} 15. Ne5
{[%clk 0:58:15]} Qc7 {[%clk 1:12:52]} 16. Nxc6 {[%clk 0:49:43]} Qxc6
{[%clk 1:13:13]} 17. dxc5 {[%clk 0:44:17]} Bxc5 {[%clk 1:11:07]} 18. Ne2
{[%clk 0:39:17]} a6 {[%clk 0:48:45]} 19. Nd4 {[%clk 0:30:04]} Bxd4
{[%clk 0:36:43]} 20. Bxd4 {[%clk 0:28:53]} Qxg2 {[%clk 0:33:54]} 21. Rhg1
{[%clk 0:25:35]} Qe4 {[%clk 0:32:12]} 22. Qc3+ {[%clk 0:24:02]} Kb8
{[%clk 0:24:15]} 23. Qc5 {[%clk 0:21:39]} Nd7 {[%clk 0:23:20]} 24. Qa7+
{[%clk 0:18:44]} Kc7 {[%clk 0:23:35]} 25. Rg3 {[%clk 0:16:58]} Rc8
{[%clk 0:16:09]} 26. Bxg7 {[%clk 0:13:46]} Kd8 {[%clk 0:11:14]} 27. Rgd3
{[%clk 0:12:10]} Ke8 {[%clk 0:10:55]} 28. Bxh8 {[%clk 0:10:23]} Nc5
{[%clk 0:10:33]} 29. Qxc5 {[%clk 0:08:27]} 1-0

[Event "World Chess Olympiad 2018"]
[Site "Batumi"]
[Date "2018.10.01"]
[Round "7"]
[Board "1"]
[WhiteFideId "4101898"]
[White "Babarykin Stanislav"]
[BlackFideId "19600054"]
[Black "Hemam Moulaye Brahim"]
[Result "1-0"]
[LiveChessVersion "1.4.8"]
[BlackElo "2018"]
[WhiteElo "2396"]

1. d4 {[%clk 1:30:56]} Nf6 {[%clk 1:30:48]} 2. Bf4 {[%clk 1:31:16]} g6
{[%clk 1:30:57]} 3. e3 {[%clk 1:29:10]} Bg7 {[%clk 1:31:10]} 4. Nf3
{[%clk 1:29:20]} O-O {[%clk 1:31:22]} 5. h3 {[%clk 1:29:32]} d6 {[%clk 1:31:25]}
6. Be2 {[%clk 1:29:54]} c5 {[%clk 1:30:49]} 7. c3 {[%clk 1:30:23]} Qb6
{[%clk 1:30:55]} 8. Qb3 {[%clk 1:30:51]} Be6 {[%clk 1:31:00]} 9. Qxb6
{[%clk 1:31:17]} axb6 {[%clk 1:31:22]} 10. a3 {[%clk 1:31:37]} Bd5
{[%clk 1:31:33]} 11. Nbd2 {[%clk 1:31:58]} Bc6 {[%clk 1:31:44]} 12. O-O
{[%clk 1:32:24]} Nbd7 {[%clk 1:31:24]} 13. Rfe1 {[%clk 1:30:55]} Rfd8
{[%clk 1:30:49]} 14. Rad1 {[%clk 1:26:38]} Re8 {[%clk 1:25:36]} 15. Bh2
{[%clk 1:25:55]} b5 {[%clk 1:22:49]} 16. Bd3 {[%clk 1:18:03]} b4 {[%clk 0:46:52]}
17. axb4 {[%clk 1:09:50]} cxb4 {[%clk 0:47:04]} 18. cxb4 {[%clk 1:04:51]} Ra4
{[%clk 0:43:03]} 19. b5 {[%clk 1:03:12]} Bxf3 {[%clk 0:42:46]} 20. Nxf3
{[%clk 1:02:51]} Rb4 {[%clk 0:40:27]} 21. Rc1 {[%clk 0:48:37]} Rxb2
{[%clk 0:34:54]} 22. Rc7 {[%clk 0:49:03]} e5 {[%clk 0:27:12]} 23. dxe5
{[%clk 0:44:52]} dxe5 {[%clk 0:27:16]} 24. Bc4 {[%clk 0:45:08]} Rf8
{[%clk 0:16:38]} 25. Nxe5 {[%clk 0:33:22]} Nxe5 {[%clk 0:10:09]} 26. Bxe5
{[%clk 0:33:50]} Ne8 {[%clk 0:07:22]} 27. Bxb2 {[%clk 0:33:05]} Nxc7
{[%clk 0:07:42]} 28. Bxg7 {[%clk 0:33:26]} Kxg7 {[%clk 0:08:10]} 29. Rd1
{[%clk 0:33:38]} Ne8 {[%clk 0:04:36]} 30. Rd7 {[%clk 0:33:33]} b6
{[%clk 0:04:45]} 31. e4 {[%clk 0:34:02]} Nf6 {[%clk 0:03:51]} 32. Re7
{[%clk 0:34:30]} Kg8 {[%clk 0:00:36]} 33. f3 {[%clk 0:33:56]} h5 {[%clk 0:00:38]}
34. e5 {[%clk 0:33:31]} Nh7 {[%clk 0:00:37]} 35. Rb7 {[%clk 0:33:47]} Ng5
{[%clk 0:00:35]} 36. Rxb6 {[%clk 0:34:14]} Kg7 {[%clk 0:00:36]} 37. h4
{[%clk 0:34:33]} Nh7 {[%clk 0:00:36]} 38. Rb7 {[%clk 0:35:02]} g5
{[%clk 0:00:38]} 39. b6 {[%clk 0:34:48]} Rc8 {[%clk 0:00:34]} 40. Rxf7+
{[%clk 1:05:06]} Kg6 {[%clk 0:30:47]} 41. Rc7 {[%clk 1:04:59]} 1-0

[Event "World Chess Olympiad 2018"]
[Site "Batumi"]
[Date "2018.10.01"]
[Round "7"]
[Board "2"]
[WhiteFideId "19600151"]
[White "Cheikhna Mohamed Lemine"]
[BlackFideId "14114879"]
[Black "Grigorchuk Sergey"]
[Result "0-1"]
[LiveChessVersion "1.4.8"]
[BlackElo "2288"]
[WhiteElo "1950"]

1. d4 Nf6 2. Nf3 d5 3. Bf4 c5 4. e3 Nc6 5. c3 Qb6 6. Qc1 Bf5 7. Nh4 Be4 8. f3
Bxb1 9. Qxb1 Nh5 10. Bg3 Nxg3 11. hxg3 e5 12. dxe5 O-O-O 13. Qf5+ Kb8 14. O-O-O
c4 15. Qf4 g6 16. e4 Bc5 17. Qf6 d4 18. Bxc4 dxc3 19. b3 Ba3+ 20. Kb1 Qf2 0-1

[Event "World Chess Olympiad 2018"]
[Site "Batumi"]
[Date "2018.10.01"]
[Round "7"]
[Board "3"]
[WhiteFideId "1103520"]
[White "Dukaczewski Piotr"]
[BlackFideId "19600160"]
[Black "Yahi Mohamed Salem"]
[Result "1-0"]
[LiveChessVersion "1.4.8"]
[BlackElo "1926"]
[WhiteElo "2259"]

1. e4 d6 2. d4 Nf6 3. Nc3 g6 4. f4 Bg7 5. Nf3 O-O 6. Be2 Na6 7. O-O c5 8. d5 Nc7
9. a4 a6 10. h3 e6 11. dxe6 fxe6 12. Be3 Qe7 13. e5 dxe5 14. fxe5 Nd7 15. Bg5 Qe8
16. Qd6 Rxf3 17. Rxf3 Bxe5 18. Qd2 Bd4+ 19. Be3 Ne5 20. Rf2 Nc6 21. Raf1 Bg7 22.
Bxc5 Ne7 23. Qd6 Nf5 24. Qxc7 Bd7 25. Rd1 Bc6 26. Bf3 Bxf3 27. Rxf3 Rc8 28. Qb6
Be5 29. g4 Rc7 30. Ne4 Rc8 31. gxf5 gxf5 32. Ng5 1-0

[Event "World Chess Olympiad 2018"]
[Site "Batumi"]
[Date "2018.10.01"]
[Round "7"]
[Board "4"]
[WhiteFideId "19601441"]
[White "Mohamed Abderrahim Taleb Mohamed"]
[BlackFideId "2205505"]
[Black "Palacios Perez Manuel"]
[Result "0-1"]
[LiveChessVersion "1.4.8"]
[BlackElo "2151"]
[WhiteElo "1776"]

1. e4 c5 2. Nf3 d6 3. d4 cxd4 4. Nxd4 Nf6 5. Nc3 a6 6. Be3 e5 7. Nb3 Be6 8. Be2
Nbd7 9. O-O Be7 10. f4 Qc7 11. f5 Bc4 12. Kh1 b5 13. a3 Rc8 14. Rg1 Bxe2 15. Qxe2
Qc4 16. Qf3 h5 17. Bg5 Nb6 18. Bxf6 gxf6 19. Nd2 Qc6 20. Nf1 Nc4 21. Rb1 Nxb2 22.
Nd5 Nc4 23. Qg3 Kf8 24. Nfe3 h4 25. Qh3 Nd2 26. Qg4 Nxb1 27. Rxb1 Bd8 28. h3 Qc5
29. a4 Rb8 30. Qe2 Qd4 31. Rb4 Qa1+ 32. Kh2 Ba5 33. Rb3 Be1 34. Nf1 Rg8 35. Nxf6
Bg3+ 36. Kh1 Qe1 37. Qxe1 Bxe1 38. Nxg8 Kxg8 39. Ne3 Bf2 40. Ng4 Bg3 41. axb5
axb5 42. Nf6+ Kh8 43. Kg1 Rc8 44. Rb2 Rc3 45. Ne8 Re3 46. Rb1 Rxe4 47. Nxd6 Re2
48. Nxf7+ Kg7 49. Nd6 b4 50. Rc1 e4 51. Kf1 Rf2+ 52. Kg1 e3 53. f6+ Kf8 54. Ne4
Rf4 55. Nxg3 hxg3 56. Re1 Re4 57. Kf1 Kf7 58. Ke2 Rc4 59. Kd3 Rc3+ 60. Ke4 Rxc2
61. Kxe3 b3 62. Kf3 Rc3+ 63. Kg4 Kxf6 64. Re4 b2 65. Rb4 Rc4+ 66. Rxc4 b1=Q 67.
Rf4+ Ke5 68. Rf3 Qg6+ 69. Kh4 Ke4 70. Rf4+ Ke3 71. Rg4 Qf6+ 72. Kxg3 Qd6+ 73. Kh4
Qe5 74. Rg3+ Kf2 75. Rg4 Qf5 76. Rg5 Qh7+ 77. Kg4 Kxg2 78. h4 Qh6 79. Kf5+ Kf3
80. h5 Qh7+ 81. Ke5 Qh6 82. Kf5 Qf8+ 83. Kg6 Kf4 84. Ra5 Qd6+ 85. Kh7 Qc7+ 86.
Kg8 Qxa5 87. h6 Qg5+ 0-1